[Event "DVM U20 2017"]
[Site "Düsseldorf GER"]
[Date "2017.12.27"]
[Round "2"]
[White "Ehmann, Johanna"]
[Black "Neudorf, Noah Levin"]
[Result "1-0"]
[Termination "normal"]
[Board "3.5"]
[WhiteElo "1819"]
[BlackElo "1830"]
[WhiteClock "00:18:02"]
[BlackClock "00:51:50"]
[WhiteTeam "SF Sasbach"]
[BlackTeam "LSV Turm Lippstadt"]
[PlyCount "77"]
[WhiteFideId "12953130"]
[BlackFideId "12965693"]
[EventCountry "GER"]
[EventRounds "7"]
[EventType "team-swiss"]
[EventDate "2017.12.26"]

1. e4 {[%clk 1:30:57]} e6 {[%clk 1:30:52]} 2. d4 {[%clk 1:31:17]} b6 {[%clk
1:31:18]} 3. Nf3 {[%clk 1:29:51]} Bb7 {[%clk 1:31:43]} 4. Nc3 {[%clk 1:23:33]}
Bb4 {[%clk 1:32:05]} 5. d5 {[%clk 1:21:28]} Nf6 {[%clk 1:29:38]} 6. dxe6 {[%clk
1:18:29]} dxe6 {[%clk 1:27:56]} 7. Qxd8+ Kxd8 {[%clk 1:28:42]} 8. e5 {[%clk
1:07:40]} Ne4 {[%clk 1:28:19]} 9. Bg5+ {[%clk 1:03:28]} Nxg5 {[%clk 1:28:28]}
10. Nxg5 {[%clk 1:03:03]} Bxc3+ {[%clk 1:28:30]} 11. bxc3 {[%clk 1:03:17]} Ke7
{[%clk 1:28:53]} 12. O-O-O {[%clk 1:02:25]} Nd7 {[%clk 1:26:24]} 13. f4 {[%clk
1:01:25]} Nc5 {[%clk 1:26:25]} 14. Rg1 {[%clk 1:00:32]} h6 {[%clk 1:24:00]} 15.
Nf3 {[%clk 1:00:05]} Na4 {[%clk 1:22:51]} 16. Rd3 {[%clk 0:57:08]} Rhd8 {[%clk
1:17:44]} 17. Re3 {[%clk 0:49:43]} Bd5 {[%clk 1:08:19]} 18. Bb5 {[%clk
0:47:05]} Nc5 {[%clk 1:04:17]} 19. Nd4 {[%clk 0:45:56]} Kf8 {[%clk 1:03:18]}
20. Nc6 {[%clk 0:39:15]} Bxc6 {[%clk 1:02:53]} 21. Bxc6 {[%clk 0:37:52]} Rab8
{[%clk 1:00:20]} 22. a4 {[%clk 0:36:43]} Nb7 {[%clk 0:59:21]} 23. g4 {[%clk
0:32:42]} Na5 {[%clk 0:59:23]} 24. Be4 {[%clk 0:29:31]} a6 {[%clk 0:57:48]} 25.
f5 {[%clk 0:26:57]} Nc4 {[%clk 0:54:45]} 26. Re2 {[%clk 0:25:02]} exf5 {[%clk
0:52:53]} 27. Bd3 {[%clk 0:22:59]} Na5 {[%clk 0:52:18]} 28. gxf5 {[%clk
0:23:09]} b5 {[%clk 0:49:50]} 29. axb5 {[%clk 0:22:30]} axb5 {[%clk 0:50:15]}
30. Reg2 {[%clk 0:18:56]} Nc6 {[%clk 0:50:22]} 31. Rxg7 {[%clk 0:17:02]} Nxe5
{[%clk 0:50:35]} 32. f6 {[%clk 0:16:56]} Nxd3+ {[%clk 0:50:30]} 33. cxd3 {[%clk
0:17:15]} Ke8 {[%clk 0:50:54]} 34. Re1+ {[%clk 0:17:00]} Kf8 {[%clk 0:50:30]}
35. Rh7 {[%clk 0:16:57]} Kg8 {[%clk 0:50:44]} 36. Rxh6 {[%clk 0:17:00]} Rxd3
{[%clk 0:50:58]} 37. Rg1+ {[%clk 0:17:20]} Rg3 {[%clk 0:51:21]} 38. Rxg3+
{[%clk 0:17:41]} Kf8 {[%clk 0:51:50]} 39. Rh8# {[%clk 0:18:02]} 1-0

[Event "DVM U20 2017"]
[Site "Düsseldorf GER"]
[Date "2017.12.27"]
[Round "2"]
[White "Homfeldt, Christopher"]
[Black "Schneider, Edward"]
[Result "0-1"]
[Termination "normal"]
[Board "3.6"]
[WhiteElo "1743"]
[BlackElo "1673"]
[WhiteClock "00:18:45"]
[BlackClock "00:38:48"]
[WhiteTeam "LSV Turm Lippstadt"]
[BlackTeam "SF Sasbach"]
[PlyCount "36"]
[WhiteFideId "16220293"]
[BlackFideId "16200870"]
[EventCountry "GER"]
[EventRounds "7"]
[EventType "team-swiss"]
[EventDate "2017.12.26"]

1. e4 {[%clk 1:30:56]} e5 {[%clk 1:30:51]} 2. Nf3 {[%clk 1:31:20]} Nc6 {[%clk
1:31:17]} 3. Bc4 {[%clk 1:31:42]} Bc5 {[%clk 1:31:38]} 4. d3 {[%clk 1:32:06]}
Nf6 {[%clk 1:31:43]} 5. c3 {[%clk 1:32:23]} a6 {[%clk 1:31:54]} 6. Nbd2 {[%clk
1:32:39]} Ba7 {[%clk 1:31:46]} 7. Qe2 {[%clk 1:32:35]} d6 {[%clk 1:31:16]} 8.
Bb3 {[%clk 1:32:46]} Be6 {[%clk 1:29:09]} 9. Nc4 {[%clk 1:32:13]} b5 {[%clk
1:17:51]} 10. Ne3 {[%clk 1:29:28]} O-O {[%clk 1:11:53]} 11. Bxe6 {[%clk
1:24:32]} fxe6 {[%clk 1:11:32]} 12. g4 {[%clk 1:12:15]} d5 {[%clk 1:04:52]} 13.
g5 {[%clk 1:08:40]} dxe4 {[%clk 0:56:39]} 14. dxe4 {[%clk 1:08:22]} Nxe4 {[%clk
0:56:20]} 15. Ng4 {[%clk 1:08:21]} Qd5 {[%clk 0:50:45]} 16. Rf1 {[%clk
0:56:19]} Nxf2 {[%clk 0:38:59]} 17. Ngxe5 {[%clk 0:20:58]} Nxe5 {[%clk
0:38:34]} 18. Nxe5 {[%clk 0:18:45]} Qxe5 {[%clk 0:38:48]} 0-1

[Event "DVM U20 2017"]
[Site "Düsseldorf GER"]
[Date "2017.12.27"]
[Round "2"]
[White "Hartge, Gedeon"]
[Black "Martin, Julian"]
[Result "0-1"]
[Termination "normal"]
[Board "4.1"]
[BlackTitle "FM"]
[WhiteElo "2140"]
[BlackElo "2429"]
[WhiteTeam "USV Halle"]
[BlackTeam "OSG Baden-Baden"]
[PlyCount "98"]
[WhiteFideId "12932116"]
[BlackFideId "12941000"]
[EventCountry "GER"]
[EventRounds "7"]
[EventType "team-swiss"]
[EventDate "2017.12.26"]

1. d4 Nf6 2. c4 e6 3. Nc3 Bb4 4. e3 O-O 5. Nge2 Re8 6. a3 Bf8 7. Ng3 d5 8. cxd5
exd5 9. Bd3 b6 10. O-O Bb7 11. b4 Nbd7 12. Rb1 a6 13. a4 Ne4 14. Ncxe4 dxe4 15.
Bc4 Nf6 16. Qe2 c6 17. Nh5 Nd5 18. Bd2 b5 19. Ba2 g6 20. Ng3 f5 21. Rfc1 Kh8
22. Qd1 Bd6 23. Ne2 Qe7 24. Nf4 Bxf4 25. Bxd5 Bxh2+ 26. Kxh2 cxd5 27. g3 Bc8
28. Qc2 Bd7 29. Qc7 Qe6 30. Qe5+ Qxe5 31. dxe5 Rac8 32. a5 Kg8 33. Rxc8 Rxc8
34. Rc1 Rc4 35. Rxc4 bxc4 36. Kg2 Kf7 37. Bc3 Ke6 38. f4 exf3+ 39. Kxf3 g5 40.
Bd4 Bc8 41. g4 Kf7 42. gxf5 Bxf5 43. b5 axb5 44. a6 Bc8 45. a7 Bb7 46. Kg4 Kg6
47. e6 h5+ 48. Kg3 b4 49. Kh3 c3 0-1

[Event "DVM U20 2017"]
[Site "Düsseldorf GER"]
[Date "2017.12.27"]
[Round "2"]
[White "Heinemann, Josefine"]
[Black "Gröbel, Aaron"]
[Result "1/2-1/2"]
[Termination "normal"]
[Board "4.2"]
[WhiteTitle "WIM"]
[WhiteElo "2245"]
[BlackElo "2103"]
[WhiteTeam "OSG Baden-Baden"]
[BlackTeam "USV Halle"]
[PlyCount "70"]
[WhiteFideId "12900460"]
[BlackFideId "12914851"]
[EventCountry "GER"]
[EventRounds "7"]
[EventType "team-swiss"]
[EventDate "2017.12.26"]

1. e4 e5 2. Nf3 Nc6 3. Bb5 Nge7 4. Nc3 Ng6 5. d4 exd4 6. Nxd4 Bb4 7. Nde2 O-O
8. O-O d6 9. Be3 Nce5 10. f3 c6 11. Bd3 Ba5 12. Qd2 Bc7 13. Nd4 Nxd3 14. Qxd3
Ne5 15. Qd2 f5 16. exf5 Bxf5 17. Nxf5 Rxf5 18. f4 Ng6 19. g3 Qd7 20. Qd3 Rf7
21. Rad1 Qg4 22. f5 Ne5 23. Qe4 d5 24. Qxg4 Nxg4 25. Bd4 Nh6 26. f6 g6 27. Ne2
Re8 28. Rd2 Re6 29. Bxa7 Rexf6 30. Rxf6 Rxf6 31. Bc5 Nf7 32. Kg2 Bd6 33. Bd4
Re6 34. Nc3 Ng5 35. Re2 Rxe2+ 1/2-1/2

[Event "DVM U20 2017"]
[Site "Düsseldorf GER"]
[Date "2017.12.27"]
[Round "2"]
[White "Schulte, Felix"]
[Black "Becker, Dirk"]
[Result "1/2-1/2"]
[Termination "normal"]
[Board "4.3"]
[WhiteElo "1982"]
[BlackElo "2258"]
[WhiteTeam "USV Halle"]
[BlackTeam "OSG Baden-Baden"]
[PlyCount "172"]
[WhiteFideId "12914800"]
[BlackFideId "12938564"]
[EventCountry "GER"]
[EventRounds "7"]
[EventType "team-swiss"]
[EventDate "2017.12.26"]

1. d4 Nf6 2. c4 e6 3. Nc3 Bb4 4. e3 O-O 5. Nge2 c6 6. a3 Ba5 7. b4 Bc7 8. e4 d5
9. e5 Nfd7 10. Ng3 f6 11. f4 fxe5 12. fxe5 Nxe5 13. dxe5 Bxe5 14. Qd3 a5 15. b5
Qf6 16. Bd2 dxc4 17. Qxc4 cxb5 18. Qd3 Qf2+ 19. Kd1 Nc6 20. Nge4 Qf5 21. g4
Qxg4+ 22. Be2 Qg6 23. Qxb5 Rd8 24. Kc1 a4 25. Ra2 Bd7 26. Bd3 Qh5 27. Ng3 Qh4
28. Re1 Ra5 29. Qxb7 Rc5 30. Nge4 Ra5 31. Nb5 Raa8 32. Qb6 Rac8 33. Rc2 Be8 34.
Bc4 Bf7 35. Qe3 Na5 36. Qe2 Nb3+ 37. Kb1 Nxd2+ 38. Rxd2 Rxd2 39. Nxd2 Rc5 40.
Bd3 Bf6 41. Ne4 Rd5 42. Nxf6+ gxf6 43. Rg1+ Kf8 44. Nc3 Qd4 45. Nxd5 Qxg1+ 46.
Kc2 exd5 47. Bxh7 {(=)} Qc5+ 48. Kb2 d4 49. Qd3 Qd5 50. Be4 Qa2+ 51. Kc1 Qa1+
52. Kd2 Bb3 53. Ke2 Qb2+ 54. Qd2 Bc4+ 55. Kd1 Qa1+ 56. Qc1 Bb3+ 57. Kd2 Qa2+
58. Ke1 Bc4 59. Qh6+ Ke7 60. Qg7+ Bf7 61. Qg3 Qa1+ 62. Kd2 Qb2+ 63. Bc2 Qb6 64.
Qe1+ Kf8 65. Qe4 Qa5+ 66. Kc1 Qc3 67. Qd3 Qc5 68. Kb2 Qb6+ 69. Kc1 Qc5 70. Kb2
Be6 71. Qf3 Qb5+ 72. Kc1 Ke7 73. Qe4 Qc5 74. Qd3 f5 75. Kb1 Kf6 76. Qh3 Qb5+
77. Kc1 Qc4 78. Qh8+ Ke7 79. Qg7+ Kd6 80. Qg3+ Kd7 81. Qg7+ Kc6 82. Qa7 Qf1+
83. Kb2 Qb5+ 84. Kc1 Qf1+ 85. Kb2 Qb5+ 86. Kc1 Qf1+ 1/2-1/2

[Event "DVM U20 2017"]
[Site "Düsseldorf GER"]
[Date "2017.12.27"]
[Round "2"]
[White "Visvikis, Christos"]
[Black "Kretzschmar, Arnd"]
[Result "1-0"]
[Termination "normal"]
[Board "4.6"]
[WhiteElo "1882"]
[BlackElo "1986"]
[WhiteTeam "OSG Baden-Baden"]
[BlackTeam "USV Halle"]
[PlyCount "43"]
[WhiteFideId "12967955"]
[BlackFideId "12914835"]
[EventCountry "GER"]
[EventRounds "7"]
[EventType "team-swiss"]
[EventDate "2017.12.26"]

1. e4 c5 2. Nf3 d6 3. d4 cxd4 4. Nxd4 Nf6 5. f3 g6 6. c4 Bg7 7. Nc3 Nc6 8. Be3
O-O 9. Qd2 Bd7 10. Be2 a6 11. O-O Ne5 12. Rfd1 Qc7 13. Rac1 Rfb8 14. b4 Be6 15.
Nxe6 fxe6 16. Na4 Nfd7 17. c5 dxc5 18. f4 Rd8 19. fxe5 Nxe5 20. Qc2 Rxd1+ 21.
Rxd1 c4 22. Nb6 1-0

[Event "DVM U20 2017"]
[Site "Düsseldorf GER"]
[Date "2017.12.27"]
[Round "2"]
[White "Tiarks, Jann-Christian"]
[Black "Mikeler, Marcel"]
[Result "1-0"]
[Termination "normal"]
[Board "5.2"]
[WhiteElo "2123"]
[BlackElo "1863"]
[WhiteTeam "USV Potsdam"]
[BlackTeam "Heilbronner SV"]
[PlyCount "61"]
[WhiteFideId "12951595"]
[BlackFideId "12927856"]
[EventCountry "GER"]
[EventRounds "7"]
[EventType "team-swiss"]
[EventDate "2017.12.26"]

1. e4 c6 2. Nf3 d5 3. exd5 cxd5 4. Ne5 Nc6 5. Bb5 Bd7 6. Nxd7 Qxd7 7. d4 Nf6 8.
c3 e6 9. O-O a6 10. Bd3 h6 11. f4 Bd6 12. Nd2 Qc7 13. g3 b5 14. Nf3 b4 15. Bd2
bxc3 16. Bxc3 O-O 17. Rc1 Qb6 18. Kh1 Rfc8 19. Qe2 Nb4 20. Bb1 Ne4 21. Ne5 f5
22. g4 Bxe5 23. fxe5 g6 24. gxf5 exf5 25. a3 Nc6 26. Bxe4 dxe4 27. Qc4+ Kf8 28.
Qe6 Qb7 29. Qxg6 Ne7 30. Rxf5+ Nxf5 31. Bb4+ 1-0

[Event "DVM U20 2017"]
[Site "Düsseldorf GER"]
[Date "2017.12.27"]
[Round "2"]
[White "Lahouel, Kim-Luca"]
[Black "Cech, Tim"]
[Result "1-0"]
[Termination "normal"]
[Board "5.3"]
[WhiteElo "1718"]
[BlackElo "2023"]
[WhiteTeam "Heilbronner SV"]
[BlackTeam "USV Potsdam"]
[PlyCount "95"]
[WhiteFideId "12979503"]
[BlackFideId "1270258"]
[EventCountry "GER"]
[EventRounds "7"]
[EventType "team-swiss"]
[EventDate "2017.12.26"]

1. e4 e6 2. d4 d5 3. e5 c5 4. c3 Nc6 5. Nf3 Qb6 6. a3 cxd4 7. cxd4 Nge7 8. Nc3
Nf5 9. Na4 Qc7 10. Be2 Be7 11. O-O f6 12. exf6 Bxf6 13. Be3 O-O 14. Rc1 Bd7 15.
Nc5 Rac8 16. Qd2 b6 17. Bf4 Qd8 18. Nb3 Qe7 19. Rfe1 Nd6 20. Ba6 Rce8 21. Bd3
a5 22. Qe3 g6 23. Ne5 Bxe5 24. dxe5 Nf5 25. Bxf5 Rxf5 26. g4 Rff8 27. Bg5 Qf7
28. Bh6 Nxe5 29. Qxe5 Qxf2+ 30. Kh1 Qf3+ 31. Kg1 Qxg4+ 32. Qg3 Qxg3+ 33. hxg3
Rf3 34. Re3 Ref8 35. Nd2 Rxe3 36. Bxe3 b5 37. Rc7 Rf7 38. Bd4 h5 39. Kg2 Kh7
40. Nf3 e5 41. Ng5+ Kg8 42. Nxf7 Kxf7 43. Rxd7+ Ke6 44. Rg7 exd4 45. Rxg6+ Kf5
46. Rh6 Ke4 47. Rxh5 d3 48. Kf2 1-0

[Event "DVM U20 2017"]
[Site "Düsseldorf GER"]
[Date "2017.12.27"]
[Round "2"]
[White "Werthmann, Nils"]
[Black "Bühler, Severin"]
[Result "1/2-1/2"]
[Termination "normal"]
[Board "5.4"]
[WhiteElo "1986"]
[BlackElo "1846"]
[WhiteTeam "USV Potsdam"]
[BlackTeam "Heilbronner SV"]
[PlyCount "123"]
[WhiteFideId "1270257"]
[BlackFideId "16203178"]
[EventCountry "GER"]
[EventRounds "7"]
[EventType "team-swiss"]
[EventDate "2017.12.26"]

1. e4 c5 2. Nf3 d6 3. Bb5+ Bd7 4. a4 Nc6 5. O-O g6 6. c3 Bg7 7. d4 cxd4 8. cxd4
a6 9. Bxc6 Bxc6 10. d5 Bd7 11. Qb3 Qc7 12. Be3 Rc8 13. Na3 Nf6 14. Rac1 Qb8 15.
Rxc8+ Bxc8 16. Nd2 O-O 17. Nac4 Nd7 18. Nb6 Nxb6 19. Bxb6 Bd7 20. Nc4 Rc8 21.
Be3 Bxa4 22. Qxa4 b5 23. Qxa6 bxc4 24. Rc1 c3 25. bxc3 Rxc3 26. Rxc3 Bxc3 27.
Qd3 Qb2 28. g4 Bg7 29. Qc4 h6 30. Kg2 Kh7 31. Bc1 Qb6 32. Qe2 Qc5 33. Be3 Qb4
34. Qf3 Kg8 35. h4 Qc4 36. Bf4 Qd4 37. Qe3 Qxe3 38. Bxe3 h5 39. Kg3 Bf6 40. f4
hxg4 41. Kxg4 Kg7 42. Bf2 Bc3 43. Bg3 Kf6 44. h5 gxh5+ 45. Kxh5 Kg7 46. Kg5 f6+
47. Kf5 Kf7 48. Bf2 Bb2 49. Be1 Bd4 50. Ba5 Bb2 51. Bc7 Bc3 52. Bd8 Bd4 53. Bc7
Bc3 54. Kg4 Bb2 55. Kf3 Bd4 56. Ke2 Bb2 57. Kd3 Bc1 58. f5 Bf4 59. Kc4 Ke8 60.
Kb5 Kd7 61. Bb6 Bg3 62. Be3 1/2-1/2

[Event "DVM U20 2017"]
[Site "Düsseldorf GER"]
[Date "2017.12.27"]
[Round "2"]
[White "Ender, Paul Marius"]
[Black "Schäfer, Daniel"]
[Result "1-0"]
[Termination "time forfeit"]
[Board "5.6"]
[WhiteElo "1800"]
[BlackElo "1797"]
[WhiteTeam "USV Potsdam"]
[BlackTeam "Heilbronner SV"]
[PlyCount "77"]
[WhiteFideId "12936545"]
[BlackFideId "16235088"]
[EventCountry "GER"]
[EventRounds "7"]
[EventType "team-swiss"]
[EventDate "2017.12.26"]

1. e4 e6 2. d4 d5 3. Nc3 dxe4 4. Nxe4 Nd7 5. Bd3 Ngf6 6. Qf3 Be7 7. Ne2 c6 8.
Bd2 Nxe4 9. Bxe4 Nf6 10. Bd3 Qd5 11. Qg3 c5 12. dxc5 Qxc5 13. O-O O-O 14. Be3
Qh5 15. h3 e5 16. Nc3 Bd7 17. Rfe1 Bd6 18. Be2 Qf5 19. Rac1 Rad8 20. Qh4 Bc6
21. Bg5 Bc5 22. Bd3 Bxf2+ 23. Qxf2 Qxg5 24. Ne4 Nxe4 25. Bxe4 Rd2 26. Qf3 Bxe4
27. Qxe4 Rfd8 28. Qxb7 Qg3 29. Qf3 Qxf3 30. gxf3 f6 31. Rf1 Kf7 32. b3 Re2 33.
Rcd1 Rdd2 34. Rxd2 Rxd2 35. Rf2 Rd6 36. Kf1 Ke6 37. Ke2 f5 38. Rg2 g6 39. Ke3
1-0

[Event "DVM U20 2017"]
[Site "Düsseldorf GER"]
[Date "2017.12.27"]
[Round "2"]
[White "Oberhofer, Cédric"]
[Black "Linnemann, Niklas"]
[Result "0-1"]
[Termination "normal"]
[Board "6.1"]
[WhiteElo "2120"]
[BlackElo "1998"]
[WhiteTeam "SC Bavaria Regensburg"]
[BlackTeam "TuS Coswig"]
[PlyCount "66"]
[WhiteFideId "12941220"]
[BlackFideId "24695645"]
[EventCountry "GER"]
[EventRounds "7"]
[EventType "team-swiss"]
[EventDate "2017.12.26"]

1. e4 c5 2. Nf3 e6 3. d4 cxd4 4. Nxd4 Nf6 5. Nc3 Bb4 6. e5 Nd5 7. Qg4 g6 8. Bd2
Nc6 9. Nxd5 Bxd2+ 10. Kxd2 exd5 11. Qf4 Qa5+ 12. c3 Qb6 13. Nb5 O-O 14. b4 a5
15. Bd3 axb4 16. cxb4 d6 17. exd6 d4 18. a3 Bd7 19. Nc7 Rxa3 20. Rxa3 Qxb4+ 21.
Ke2 Qxa3 22. Rd1 Qc5 23. Be4 Ne5 24. Nd5 Bb5+ 25. Ke1 Qxd6 26. Rxd4 f5 27. Qh4
Kg7 28. Bb1 Re8 29. Ne3 Qc5 30. Bc2 Ng4 31. Rd2 Nxe3 32. fxe3 Qxe3+ 33. Kd1
Qg1+ 0-1

[Event "DVM U20 2017"]
[Site "Düsseldorf GER"]
[Date "2017.12.27"]
[Round "2"]
[White "von Koslowski, Utz"]
[Black "Gabler, Eric"]
[Result "0-1"]
[Termination "normal"]
[Board "6.2"]
[WhiteElo "1955"]
[BlackElo "2078"]
[WhiteTeam "TuS Coswig"]
[BlackTeam "SC Bavaria Regensburg"]
[PlyCount "42"]
[WhiteFideId "12964247"]
[BlackFideId "12949841"]
[EventCountry "GER"]
[EventRounds "7"]
[EventType "team-swiss"]
[EventDate "2017.12.26"]

1. Nf3 Nf6 2. c4 e6 3. Nc3 d5 4. d4 c6 5. e3 Nbd7 6. b3 Bb4 7. Bd2 O-O 8. Bd3
Re8 9. a3 Bd6 10. O-O e5 11. dxe5 Nxe5 12. Be2 dxc4 13. bxc4 Nfg4 14. Nxe5 Nxe5
15. Ne4 Bc7 16. Ng3 Qh4 17. Qc1 Re6 18. e4 Rg6 19. Rd1 Bg4 20. Bxg4 Nxg4 21.
Nf5 Bxh2+ 0-1

[Event "DVM U20 2017"]
[Site "Düsseldorf GER"]
[Date "2017.12.27"]
[Round "2"]
[White "Dechant, Georg"]
[Black "Kunath, Tim"]
[Result "1-0"]
[Termination "normal"]
[Board "6.3"]
[WhiteElo "2060"]
[BlackElo "2006"]
[WhiteTeam "SC Bavaria Regensburg"]
[BlackTeam "TuS Coswig"]
[PlyCount "91"]
[WhiteFideId "12956716"]
[BlackFideId "12985074"]
[EventCountry "GER"]
[EventRounds "7"]
[EventType "team-swiss"]
[EventDate "2017.12.26"]

1. e4 c5 2. Nf3 d6 3. d4 cxd4 4. Nxd4 Nf6 5. Nc3 a6 6. f4 e5 7. Nf3 Qc7 8. Qe2
Be7 9. Qc4 Qxc4 10. Bxc4 Nbd7 11. Be3 O-O 12. O-O-O b6 13. Nd5 Nxd5 14. Bxd5
Rb8 15. Bc6 Rd8 16. Bxd7 Bxd7 17. fxe5 Bc6 18. exd6 Bxd6 19. Rxd6 Rxd6 20. Bf4
Rbd8 21. Bxd6 Rxd6 22. e5 Rd7 23. Rd1 Rxd1+ 24. Kxd1 Kf8 25. Ke2 Ke7 26. Ke3 h6
27. g3 f6 28. exf6+ Kxf6 29. c4 Bb7 30. Nd4 Ke5 31. b4 Be4 32. Ne2 Bg6 33. Nf4
Bf7 34. Nd3+ Kd6 35. Kd4 Be6 36. a3 Bc8 37. Nf4 Bd7 38. Nd5 Kc6 39. Ke5 Bh3 40.
Ne7+ Kd7 41. Nf5 Bf1 42. Kd4 g5 43. Nxh6 Ke6 44. Ng4 Bg2 45. Ne3 Bc6 46. h4 1-0

[Event "DVM U20 2017"]
[Site "Düsseldorf GER"]
[Date "2017.12.27"]
[Round "2"]
[White "Kieslich, Aaron"]
[Black "Ließ, Alexander"]
[Result "1-0"]
[Termination "normal"]
[Board "6.4"]
[WhiteElo "2048"]
[BlackElo "1770"]
[WhiteTeam "TuS Coswig"]
[BlackTeam "SC Bavaria Regensburg"]
[PlyCount "117"]
[WhiteFideId "1270391"]
[BlackFideId "16221338"]
[EventCountry "GER"]
[EventRounds "7"]
[EventType "team-swiss"]
[EventDate "2017.12.26"]

1. d4 d5 2. c4 dxc4 3. Nf3 Nf6 4. e3 e6 5. Bxc4 c5 6. O-O a6 7. a3 b5 8. Bb3
Bb7 9. Qe2 Nbd7 10. Rd1 Be7 11. Nc3 O-O 12. Ne5 Qc7 13. Nxd7 Nxd7 14. d5 c4 15.
dxe6 Qc6 16. Nd5 Qxe6 17. Nxe7+ Qxe7 18. Bc2 Rfd8 19. Bd2 Ne5 20. Ba5 Rxd1+ 21.
Rxd1 Nc6 22. Bc3 Rd8 23. Rxd8+ Nxd8 24. Qg4 f6 25. Qf5 h6 26. Bb4 Qc7 27. Qg6
Bc6 28. Qh7+ Kf7 29. Bg6+ Ke6 30. Qg8+ Nf7 31. Qxg7 Qd7 32. Bc2 Be4 33. Qg4+ f5
34. Qg6+ Kd5 35. Bxe4+ Kxe4 36. h4 Qd1+ 37. Kh2 Qd5 38. Qg3 Qe5 39. Bc3 Qxg3+
40. Kxg3 Kd5 41. Kf4 Nd6 42. Bb4 Nb7 43. Kxf5 a5 44. Be7 Nc5 45. f3 Nd3 46. Bf6
Ne1 47. e4+ Kc6 48. Bc3 Nd3 49. Bxa5 Nxb2 50. e5 Kd7 51. Ke4 Nd3 52. f4 Nc5+
53. Kd5 Na4 54. Kd4 Nb2 55. f5 Nd3 56. Bd2 h5 57. e6+ Ke8 58. f6 Nb2 59. f7+
1-0

[Event "DVM U20 2017"]
[Site "Düsseldorf GER"]
[Date "2017.12.27"]
[Round "2"]
[White "von Koslowski, Wilhelm"]
[Black "Oberhofer, Marie"]
[Result "0-1"]
[Termination "normal"]
[Board "6.6"]
[WhiteElo "1523"]
[BlackElo "1714"]
[WhiteTeam "TuS Coswig"]
[BlackTeam "SC Bavaria Regensburg"]
[PlyCount "63"]
[WhiteFideId "12985147"]
[BlackFideId "12938165"]
[EventCountry "GER"]
[EventRounds "7"]
[EventType "team-swiss"]
[EventDate "2017.12.26"]

1. e4 c5 2. d3 Nc6 3. Nd2 g6 4. f4 Bg7 5. Ngf3 d6 6. Be2 e6 7. O-O Nge7 8. Qe1
Nd4 9. Nxd4 Bxd4+ 10. Kh1 Nc6 11. Nf3 Bg7 12. c3 O-O 13. g4 b5 14. h4 f5 15.
Ng5 Qf6 16. Qg3 Bb7 17. Kh2 b4 18. Bd2 a5 19. Bd1 Qe7 20. Nxe6 Rfe8 21. Rg1
fxe4 22. Nxg7 Qxg7 23. dxe4 Rxe4 24. Bf3 Re7 25. Bd5+ Kh8 26. f5 Re2+ 27. Rg2
Qe5 28. Qxe5+ Rxe5 29. Bf4 Rxd5 30. fxg6 hxg6 31. Rf1 Ne5 32. Rgf2 0-1

[Event "DVM U20 2017"]
[Site "Düsseldorf GER"]
[Date "2017.12.27"]
[Round "2"]
[White "Siegert, Gregor"]
[Black "Savchenko, Daniel"]
[Result "0-1"]
[Termination "normal"]
[Board "7.1"]
[WhiteElo "1750"]
[BlackElo "2080"]
[WhiteTeam "Schachforum Darmstadt"]
[BlackTeam "Düsseldorfer SK"]
[PlyCount "60"]
[WhiteFideId "1271250"]
[BlackFideId "12919195"]
[EventCountry "GER"]
[EventRounds "7"]
[EventType "team-swiss"]
[EventDate "2017.12.26"]

1. e4 c5 2. Nf3 d6 3. d4 cxd4 4. Nxd4 Nf6 5. Nc3 e6 6. g4 Be7 7. Be3 a6 8. g5
Nfd7 9. Qd2 b5 10. O-O-O Bb7 11. f3 Nb6 12. h4 N8d7 13. h5 Rc8 14. Rg1 g6 15.
Qh2 Rf8 16. hxg6 hxg6 17. Kb1 b4 18. Nce2 Nc4 19. Bc1 e5 20. Nb3 Qc7 21. Ng3
Ndb6 22. f4 exf4 23. Bxf4 a5 24. Nd4 Qc5 25. Nb3 Qc7 26. Nd4 Ba6 27. Qf2 Qc5
28. Bh3 Rb8 29. Rge1 Nxb2 30. Kxb2 Qc3+ 0-1

[Event "DVM U20 2017"]
[Site "Düsseldorf GER"]
[Date "2017.12.27"]
[Round "2"]
[White "Lechner, Alexander"]
[Black "Tampe, Alexander"]
[Result "1-0"]
[Termination "normal"]
[Board "7.2"]
[WhiteElo "1830"]
[BlackElo "1695"]
[WhiteTeam "Düsseldorfer SK"]
[BlackTeam "Schachforum Darmstadt"]
[PlyCount "73"]
[WhiteFideId "12956074"]
[BlackFideId "12921572"]
[EventCountry "GER"]
[EventRounds "7"]
[EventType "team-swiss"]
[EventDate "2017.12.26"]

1. d4 c6 2. c4 d5 3. Nf3 Nf6 4. g3 Bg4 5. Ne5 Bf5 6. Nc3 Nbd7 7. Nxd7 Qxd7 8.
cxd5 Nxd5 9. Bg2 Nxc3 10. bxc3 e6 11. e4 Bg6 12. O-O Be7 13. Be3 O-O 14. f4
Rac8 15. Qf3 f6 16. Rad1 Rfd8 17. g4 f5 18. gxf5 exf5 19. e5 Bf7 20. Qe2 Bd5
21. c4 Bxg2 22. Qxg2 Qe6 23. d5 cxd5 24. cxd5 Qa6 25. d6 Bf8 26. Qd5+ Kh8 27.
Rf2 Rc3 28. Bd4 Rd3 29. Rfd2 Rxd2 30. Rxd2 Qa4 31. Qxb7 Qa3 32. Qb2 Qf3 33. Bf2
Qxf4 34. Bg3 Qg4 35. Qd4 Qg5 36. Kf2 h5 37. Bh4 1-0

[Event "DVM U20 2017"]
[Site "Düsseldorf GER"]
[Date "2017.12.27"]
[Round "2"]
[White "Czappa, Fabian Alexander"]
[Black "Lückerath, Moritz"]
[Result "0-1"]
[Termination "normal"]
[Board "7.3"]
[WhiteElo "1618"]
[BlackElo "1867"]
[WhiteTeam "Schachforum Darmstadt"]
[BlackTeam "Düsseldorfer SK"]
[PlyCount "134"]
[WhiteFideId "16255968"]
[BlackFideId "12954810"]
[EventCountry "GER"]
[EventRounds "7"]
[EventType "team-swiss"]
[EventDate "2017.12.26"]

1. e4 c5 2. Nf3 d6 3. d4 cxd4 4. Nxd4 Nf6 5. Nc3 g6 6. Be3 Bg7 7. Bc4 O-O 8. f3
Nc6 9. Qd2 Bd7 10. O-O-O Qa5 11. g4 Rfc8 12. Bb3 Ne5 13. g5 Nh5 14. Nd5 Qxd2+
15. Rxd2 Kf8 16. Nf4 Nxf4 17. Bxf4 Nc4 18. Bxc4 Rxc4 19. Be3 Rac8 20. h4 b5 21.
h5 b4 22. hxg6 hxg6 23. Nb3 R4c7 24. Bd4 Bxd4 25. Nxd4 a5 26. Rdh2 e5 27. Rh8+
Ke7 28. Rxc8 Rxc8 29. Ne2 Ba4 30. c3 Bb5 31. Rh2 Bxe2 32. Rxe2 bxc3 33. b3 Ke6
34. Kc2 f5 35. gxf6 Kxf6 36. a3 Kg5 37. Re3 Kf4 38. Rd3 g5 39. b4 axb4 40. axb4
Rc4 41. b5 Rb4 42. Kxc3 Rxb5 43. Rxd6 Kxf3 44. Rd5 Rxd5 45. exd5 e4 46. d6 e3
47. d7 e2 48. d8=Q e1=Q+ 49. Kc4 Qe4+ 50. Kb5 g4 51. Qf6+ Kg2 52. Qb2+ Kf1 53.
Qc1+ Kf2 54. Qc5+ Qe3 55. Qf5+ Qf3 56. Qc5+ Kg2 57. Qc2+ Kg1 58. Qc5+ Qf2 59.
Qc3 g3 60. Ka4 g2 61. Qc1+ Kh2 62. Qh6+ Kg3 63. Qg5+ Kf3 64. Qf5+ Ke2 65. Qc2+
Kf3 66. Qf5+ Kg3 67. Qg5+ Kh3 0-1

[Event "DVM U20 2017"]
[Site "Düsseldorf GER"]
[Date "2017.12.27"]
[Round "2"]
[White "Kaplun, David"]
[Black "Tampe, Friederike"]
[Result "1/2-1/2"]
[Termination "normal"]
[Board "7.4"]
[WhiteElo "1958"]
[BlackElo "1461"]
[WhiteTeam "Düsseldorfer SK"]
[BlackTeam "Schachforum Darmstadt"]
[PlyCount "67"]
[WhiteFideId "12901954"]
[BlackFideId "12973939"]
[EventCountry "GER"]
[EventRounds "7"]
[EventType "team-swiss"]
[EventDate "2017.12.26"]

1. d4 d5 2. c4 Nf6 3. Nc3 e6 4. cxd5 Nxd5 5. e4 Nf6 6. Bg5 Bb4 7. Qa4+ Nc6 8.
Nf3 Bd7 9. Qc2 Be7 10. a3 O-O 11. Bd3 h6 12. Bh4 Re8 13. O-O Nh7 14. Bg3 Ng5
15. d5 Nxf3+ 16. gxf3 exd5 17. Nxd5 Bd6 18. f4 Bh3 19. Rfe1 Nd4 20. Qd1 c6 21.
Nc3 Bc7 22. Kh1 Qf6 23. e5 Qe6 24. Be4 Nf5 25. Qc2 Rad8 26. Ne2 Rd7 27. Rad1
Red8 28. Rxd7 Rxd7 29. Rd1 Rxd1+ 30. Qxd1 Bg4 31. Qd3 Ne7 32. Nc3 Bf5 33. Bxf5
Qxf5 34. Qd2 1/2-1/2